Test de matrices progresivas para la medida de la capacidad intelectual : escala general : manual para la aplicación / J. C. Raven ; introducción, notas y apéndice de Jaime Bernstein escala general :
Descripción Física:
55 p. ; 27 cm
Otros Autores:
Berstein, Jaime
MARC
| LEADER | 00000nam a2200000Ia 4500 | ||
|---|---|---|---|
| 001 | 17265 | ||
| 008 | 160829s9999 xx 000 0 cat d | ||
| 080 | |a FU-45-66 | ||
| 100 | |a Raven, J. C. |9 23498 | ||
| 245 | |a Test de matrices progresivas para la medida de la capacidad intelectual : |b escala general : |b manual para la aplicación / J. C. Raven ; introducción, notas y apéndice de Jaime Bernstein | ||
| 260 | |a Buenos Aires : |b Paidós, [1976] | ||
| 300 | |a 55 p. ; |c 27 cm | ||
| 490 | |a Biblioteca de psicometría y psicodiagnóstico ; 3 | ||
| 590 | |a Prové de l'Institut de Psicologia Aplicada | ||
| 650 | |a Intel·ligència |x Tests |9 23499 | ||
| 650 | |a Raven, Test de |9 23500 | ||
| 700 | |a Berstein, Jaime |9 23501 | ||
| 901 | |a Arxiu | ||
| 942 | |n 1 | ||
| 952 | |0 0 |1 0 |4 0 |6 FU4566 |7 1 |9 42732 |a Arxiu |b Arxiu |d 2016-12-01 |l 0 |o FU-45-66 |p 17265 |r 2016-12-01 00:00:00 |w 2016-12-01 |y ARXIU | ||
| 999 | |c 45238 |d 45238 | ||